|
|
|
|
| LEADER |
01175nam a2200265 a 4500 |
| 001 |
12512712 |
| 008 |
100930s2002 njua b 001 0 eng d |
| 010 |
|
|
|a 2001045938
|
| 020 |
|
|
|a 9788131708422
|
| 020 |
|
|
|a 0130319953
|
| 040 |
|
|
|a DLC
|c DLC
|d DLC
|d DB-DhAAL
|
| 082 |
0 |
0 |
|a 005.74
|2 21
|
| 100 |
1 |
|
|a Garcia-Molina, Hector.
|
| 245 |
1 |
0 |
|a Database systems :
|b the complete book /
|c Hector Garcia-Molina, Jeffrey D. Ullman, Jennifer Widom.
|
| 260 |
|
|
|a Upper Saddle River, NJ ;
|a New Delhi :
|b Pearson/Prentice Hall,
|c 2002.
|
| 300 |
|
|
|a xxvii, 1119 p. :
|b ill. ;
|c 24 cm.
|
| 504 |
|
|
|a Includes bibliographical references and index.
|
| 541 |
1 |
|
|e 00021140
|
| 650 |
|
0 |
|a Database management.
|
| 700 |
1 |
|
|a Ullman, Jeffrey D.,
|d 1942-
|
| 700 |
1 |
|
|a Widom, Jennifer.
|
| 852 |
4 |
|
|a Ayesha Abed Library
|j General Shelf.
|
| 999 |
|
|
|c 9591
|d 9591
|
| 952 |
|
|
|0 0
|1 0
|2 ddc
|4 0
|6 005_740000000000000_GAR_2002
|7 0
|9 12206
|a BRACUL
|b BRACUL
|c GEN
|d 2010-09-30
|l 4
|m 48
|o 005.74 GAR
|p 3010021140
|r 2024-05-16
|s 2024-02-07
|t 1
|w 2010-09-30
|y BK
|
| 952 |
|
|
|0 0
|1 0
|2 ddc
|4 0
|6 005_740000000000000_GAR
|7 0
|9 15912
|a BRACUL
|b BRACUL
|c GEN
|d 2011-03-29
|g 668.00
|l 1
|m 9
|o 005.74 GAR
|p 3010013120
|r 2019-11-09
|s 2019-09-17
|t 2
|w 2011-03-29
|y BK
|